When the harvest moon is blue / (Record no. 18182)

MARC details
000 -LEADER
fixed length control field 00884nam a2200253 a 4500
005 - DATE AND TIME OF LATEST TRANSACTION
control field 20020626165708.0
008 - FIXED-LENGTH DATA ELEMENTS--GENERAL INFORMATION
fixed length control field 000825s2001 nyu | b 00| 0aeng
010 ## - LCCN (DPL NO)
LC control number ENG-91579
020 ## - INTERNATIONAL STANDARD BOOK NUMBER
International Standard Book Number 9788124114094
Terms of availability 595.00
035 ## - SYSTEM CONTROL NUMBER
System control number EN-75112
037 ## - SOURCE OF ACQUISITION
Source of stock number/acquisition DBAD / PUB
040 ## - CATALOGING SOURCE
Original cataloging agency dpl
Language of cataloging English
082 ## - DEWEY DECIMAL CLASSIFICATION NUMBER
Classification number 921
100 ## - MAIN ENTRY--PERSONAL NAME
Personal name Buch, M.N.
Fuller form of name Buch, Mahesh N.
245 ## - TITLE STATEMENT
Title When the harvest moon is blue /
Statement of responsibility, etc by M.N. Buch
260 ## - PUBLICATION, DISTRIBUTION, ETC. (IMPRINT)
Place of publication, distribution, etc New Delhi
Name of publisher, distributor, etc Har-Anand Publications
Date of publication, distribution, etc 2008
270 ## - ADDRESS
Address E-49/3, Okhla Industrial Area, Phase-II,
City New Delhi
Postal code 110020
300 ## - PHYSICAL DESCRIPTION
Extent 242p.:
Dimensions 22 cm (hb)
Other physical details ill.
500 ## - GENERAL NOTE
General note Includes glossary
600 ## - SUBJECT ADDED ENTRY--PERSONAL NAME
Personal name Buch, M.N., 1934-
Form subdivision Biography
942 ## - ADDED ENTRY ELEMENTS (KOHA)
Source of classification or shelving scheme Dewey Decimal Classification
Item type English Books
Call number suffix BUC
Classification part 921
Holdings
Withdrawn status Lost status Source of classification or shelving scheme Damaged status Not for loan Home library Current library Date acquired Source of acquisition Cost, normal purchase price Total Checkouts Full call number Barcode Date last seen Copy number Cost, replacement price Koha item type
    Dewey Decimal Classification   Not For Loan D.B.Act.Division D.B.Act.Division 07/11/2008 DBAD / PUB 595.00   921 BUC EN-75112 07/11/2008 1 595.00 English Books

© Delhi Public Library
Hit Counter
free hit counter